00638cam a22002051 4500001001300000003000400013005001700017008004100034010001700075035002000092040001900112042001200131050001900143060002300162100002000185245011600205250004200321260005100363300001800414med47000948 DLC20260227111601.0820128s1943 xx a 000 0 dut  amed47000948  a(OCoLC)14744953 aDLCcDNLMdDLC apremarc00aRT41b.D4 19430 aWY 100bD295L 19431 aDeckx, Hendrik.10aLeerboek voor ziekenverpleging opgesteld volgens de officieele leerprogramma'scdoor ... Deckx [en andere] ... a8. druk geheel herzien en bezorgd ... aAntwerpen [etc.]bStandaard-boekhandel,c1943. a1079 p.bill.